Enfoques y metodologías en las Ciencias Sociales. Una perspectiva pluralista

Kaydedildi:
Detaylı Bibliyografya
Yazar: Della Porta, Donatella (editora)
Diğer Yazarlar: Keating, Michael (Editör), Vázquez Ramil, Raquel (traductora)
Materyal Türü: Bilinmiyor
Baskı/Yayın Bilgisi: Bogotá D.C, Colombia: Ediciones Akal, 2018.
Edisyon:1.ª edición impresa en Colombia.
Seri Bilgileri:Akal Universitaria. Ciencia Política,
Konular:
Etiketler: Etiketle
Etiket eklenmemiş, İlk siz ekleyin!

MARC

LEADER 00000 a2200000 4500
003 CL-VaPUC
005 20220822090307.0
008 2208220t2018 ||||| |||| 00| 0 eng d
999 |c 438405  |d 438403 
020 |a 978-84-460-3062-1 
040 |c Pontificia Universidad Católica de Valparaíso 
082 |a 300.72 DEL 2018 
100 1 |a Della Porta, Donatella  |9 861859  |e editora 
245 1 |a Enfoques y metodologías en las Ciencias Sociales.   |b Una perspectiva pluralista 
250 |a 1.ª edición impresa en Colombia. 
260 |a Bogotá D.C, Colombia:  |b Ediciones Akal,  |c 2018. 
300 |a 398 páginas. 
490 |a Akal Universitaria.  |a Ciencia Política,  |n  343. 
500 |a c.1. Donación Elaine Thomas. Memo HIS/007. 15/06/2022 
583 |k Catalogador Asistente  |c 20210624 
650 0 |a Ciencias sociales   |9 256351  |x Métodos de investigación  
650 0 |a Ciencias sociales   |x Epistemología y filosofía  |9 862038 
700 |a Keating, Michael  |e editor  |9 861912 
700 |a Vázquez Ramil, Raquel  |e traductora  |9 861913 
942 |2 ddc  |c BK 
952 |0 0  |1 0  |2 ddc  |4 0  |6 300_720000000000000_DEL_2018  |7 0  |8 A  |9 586309  |a BIBHIS  |b BIBHIS  |c GEN  |d 2022-08-22  |e Donación  |i 5654246  |o 300.72 DEL 2018  |p 5654246  |r 2025-01-20  |t 1  |w 2022-08-22  |y BK  |k HIS